<?xml version="1.0" encoding="UTF-8"?>
<collection xmlns="http://www.loc.gov/MARC21/slim">
<record>
  <controlfield tag="001">109789</controlfield>
  <controlfield tag="005">20220210105245.0</controlfield>
  <datafield tag="037" ind1=" " ind2=" ">
    <subfield code="a">TAZ-TFM-2021-1212</subfield>
  </datafield>
  <datafield tag="041" ind1=" " ind2=" ">
    <subfield code="a">spa</subfield>
  </datafield>
  <datafield tag="100" ind1="1" ind2=" ">
    <subfield code="a">MARY ALEXANDRA YAULEMA OCAÑA</subfield>
  </datafield>
  <datafield tag="242" ind1="0" ind2="0">
    <subfield code="a">Sustainability Information Modeling for Reporting: Ecuador's Auto Body Industry as a case study</subfield>
  </datafield>
  <datafield tag="245" ind1="0" ind2="0">
    <subfield code="a">Modelización de Información sobre Sostenibilidad para el Reporting: el Sector Carrocero de Ecuador como caso de estudio</subfield>
  </datafield>
  <datafield tag="260" ind1=" " ind2=" ">
    <subfield code="a">Zaragoza</subfield>
    <subfield code="b">Universidad de Zaragoza</subfield>
    <subfield code="c">2021</subfield>
  </datafield>
  <datafield tag="506" ind1=" " ind2=" ">
    <subfield code="a">by-nc-sa</subfield>
    <subfield code="b">Creative Commons</subfield>
    <subfield code="c">3.0</subfield>
    <subfield code="u">http://creativecommons.org/licenses/by-nc-sa/3.0/</subfield>
  </datafield>
  <datafield tag="520" ind1=" " ind2=" ">
    <subfield code="a">El presente Trabajo de Fin de Máster tiene como objetivo principal definir y clasificar diversas categorías de indicadores, para la medición y el reporting de la introducción de los principios de sostenibilidad en empresas latinoamericanas a nivel sectorial. A tal fin se analiza el sector carrocero en Ecuador, como uno de los sectores que previsiblemente aumentarán su implicación medioambiental en el futuro próximo. A través del análisis aquí planteado se establecen además objetivos secundarios, para clasificar principales prácticas aplicadas por las empresas del sector carrocero en términos de sostenibilidad, al objeto de identificar y analizar las políticas públicas que priman en esta industria y que pueden fomentan el aumento de la información no-financiera, en países donde estas prácticas están en vía de desarrollo en la actualidad. El trabajo se lleva a cabo a través del análisis cualitativo de una muestra de empresas del sector en Ecuador, y de un caso de estudio específico de una de las empresas de la muestra en la que se realizan entrevistas semiestructuradas. Los resultados obtenidos son de interés a nivel académico para la definición de indicadores sectoriales de sostenibilidad, que sean de aplicación en países latinoamericanos, pueden ser de aplicación por parte de los profesionales de las empresas para la medición y el reporting de acciones de sostenibilidad medioambiental, y son de aplicación a nivel político para el fomento de responsabilidad social corporativa en entornos y sectores en los que es aún poco introducida. Por su parte el modelo de información de sostenibilidad, busca ser una guía de acción para las industrias del sector carrocero, tomando como punto de partida el análisis del caso de estudio particular, identificando y estableciendo las mejores estrategias que permitan rentabilidad y sostenibilidad para los actores empresariales y sociales.&lt;br />&lt;br /></subfield>
  </datafield>
  <datafield tag="521" ind1=" " ind2=" ">
    <subfield code="a">Máster Universitario en Contabilidad y Finanzas</subfield>
  </datafield>
  <datafield tag="540" ind1=" " ind2=" ">
    <subfield code="a">Derechos regulados por licencia Creative Commons</subfield>
  </datafield>
  <datafield tag="700" ind1=" " ind2=" ">
    <subfield code="a">Marco Fondevila, Miguel Ángel</subfield>
    <subfield code="e">dir.</subfield>
  </datafield>
  <datafield tag="710" ind1="2" ind2=" ">
    <subfield code="a">Universidad de Zaragoza</subfield>
    <subfield code="b">Contabilidad y Finanzas</subfield>
    <subfield code="c"></subfield>
  </datafield>
  <datafield tag="856" ind1="0" ind2=" ">
    <subfield code="f">802179@unizar.es</subfield>
  </datafield>
  <datafield tag="856" ind1="4" ind2=" ">
    <subfield code="s">542900</subfield>
    <subfield code="u">http://zaguan.unizar.es/record/109789/files/TAZ-TFM-2021-1212.pdf</subfield>
    <subfield code="y">Memoria (spa)</subfield>
  </datafield>
  <datafield tag="856" ind1="4" ind2=" ">
    <subfield code="s">542900</subfield>
    <subfield code="u">http://zaguan.unizar.es/record/109789/files/TAZ-TFM-2021-1212_ANE.pdf</subfield>
    <subfield code="y">Anexos (spa)</subfield>
  </datafield>
  <datafield tag="909" ind1="C" ind2="O">
    <subfield code="o">oai:zaguan.unizar.es:109789</subfield>
    <subfield code="p">driver</subfield>
    <subfield code="p">trabajos-fin-master</subfield>
  </datafield>
  <datafield tag="950" ind1=" " ind2=" ">
    <subfield code="a"></subfield>
  </datafield>
  <datafield tag="980" ind1=" " ind2=" ">
    <subfield code="a">TAZ</subfield>
    <subfield code="b">TFM</subfield>
    <subfield code="c">ECON</subfield>
  </datafield>
  <datafield tag="999" ind1=" " ind2=" ">
    <subfield code="a">20211020114730.CREATION_DATE</subfield>
  </datafield>
  <datafield tag="951" ind1=" " ind2=" ">
    <subfield code="a">deposita:2022-02-10</subfield>
  </datafield>
</record>
</collection>